[Event "SG SchwÃ¤bisch GmÃ¼nd - TG Biberach"]
[Site "?"]
[Date "2022.04.24"]
[Round "5.2"]
[White "Zimmermann, Ulrich"]
[Black "Fischer, Andre"]
[Result "1/2-1/2"]
[WhiteElo "2273"]
[BlackElo "2275"]
[PlyCount "81"]
[EventDate "2022.??.??"]

1. e4 c5 2. Nf3 d6 3. c3 Nf6 4. h3 Nbd7 5. Bd3 b6 6. O-O Bb7 7. Re1 Rc8 8. Bc2
Qc7 9. a4 a6 10. Na3 e6 11. b3 Be7 12. Bb2 O-O 13. d4 Rfe8 14. Re2 Bf8 15. b4
Qb8 16. Qd3 cxb4 17. cxb4 d5 18. e5 Ne4 19. b5 a5 20. Rc1 Bb4 21. Nb1 f6 22.
Nh2 f5 23. g4 g6 24. f3 Ng5 25. h4 Nh3+ 26. Kh1 Nf4 27. Qe3 Nxe2 28. Qxe2 Rc7
29. Rg1 Kh8 30. h5 Nf8 31. h6 fxg4 32. fxg4 Rf7 33. Bc1 Qd8 34. g5 Be7 35. Rg4
Nd7 36. Be3 Qc7 37. Kg1 Ref8 38. Bd3 Qd8 39. Qd2 Qc7 40. Qe2 Qd8 41. Qd2
1/2-1/2

[Event "SG SchwÃ¤bisch GmÃ¼nd - TG Biberach"]
[Site "?"]
[Date "2022.04.24"]
[Round "5.3"]
[White "Mack, Wolfgang"]
[Black "Jurek, Josef"]
[Result "1/2-1/2"]
[WhiteElo "2264"]
[BlackElo "2195"]
[PlyCount "47"]
[EventDate "2022.??.??"]

1. g3 d5 2. c4 d4 3. Nf3 Nc6 4. e3 Nh6 5. d3 g6 6. Bg2 Bg7 7. O-O O-O 8. Na3 e5
9. Nc2 dxe3 10. fxe3 e4 11. dxe4 Qxd1 12. Rxd1 Be6 13. c5 Rfd8 14. Ncd4 Ng4 15.
Bd2 Bh6 16. Nxe6 fxe6 17. Bh3 Bxe3+ 18. Bxe3 Nxe3 19. Bxe6+ Kg7 20. Rxd8 Rxd8
21. Kf2 Rd1 22. Rxd1 Nxd1+ 23. Ke2 Nxb2 24. Bb3 1/2-1/2

[Event "SG SchwÃ¤bisch GmÃ¼nd - TG Biberach"]
[Site "?"]
[Date "2022.04.24"]
[Round "5.4"]
[White "Denisow, Jewgeny"]
[Black "Engelhart, Achim"]
[Result "1-0"]
[WhiteElo "2148"]
[BlackElo "2057"]
[PlyCount "81"]
[EventDate "2022.??.??"]

1. e4 e6 2. d3 d5 3. Qe2 Nf6 4. Nf3 Be7 5. g3 b5 6. Bg2 dxe4 7. dxe4 b4 8. Nbd2
a5 9. Nc4 Ba6 10. Bg5 Nbd7 11. Rd1 Qc8 12. e5 Nd5 13. Bxe7 Nxe7 14. Nd4 Bb7 15.
Bxb7 Qxb7 16. O-O Nb6 17. Nxb6 Qxb6 18. Qb5+ Qxb5 19. Nxb5 Rc8 20. c4 Nc6 21.
f4 Ke7 22. Kf2 h5 23. Ke3 g6 24. Nd4 Nxd4 25. Rxd4 Rhd8 26. Rfd1 Rxd4 27. Rxd4
Rg8 28. c5 g5 29. c6 gxf4+ 30. Rxf4 Rd8 31. Rd4 Rxd4 32. Kxd4 f6 33. exf6+ Kxf6
34. Ke4 e5 35. h3 Ke6 36. g4 hxg4 37. hxg4 Kd6 38. g5 Ke6 39. b3 Kd6 40. Kf5
Kxc6 41. g6 1-0

[Event "SG SchwÃ¤bisch GmÃ¼nd - TG Biberach"]
[Site "?"]
[Date "2022.04.24"]
[Round "5.5"]
[White "Birkenmaier, Rainer"]
[Black "Weiss, Andreas"]
[Result "1/2-1/2"]
[WhiteElo "2106"]
[BlackElo "2143"]
[PlyCount "93"]
[EventDate "2022.??.??"]

1. d4 Nf6 2. Nf3 e6 3. Nbd2 c5 4. e3 b6 5. c3 Bb7 6. Bd3 d5 7. Ne5 Be7 8. f4
O-O 9. Qf3 Nbd7 10. O-O Qc7 11. g4 Nxe5 12. fxe5 Ne8 13. Qh3 g6 14. Nf3 Qd7 15.
Bd2 f5 16. Be1 fxg4 17. Qxg4 Ng7 18. Bh4 Nf5 19. Bxe7 Qxe7 20. Qg5 Rfe8 21.
Qxe7 Rxe7 22. Bxf5 exf5 23. Kf2 Rg7 24. Rg1 Kf7 25. h4 Rag8 26. Rg3 Ba6 27.
Rag1 h6 28. a3 Bd3 29. e6+ Kxe6 30. Ne5 f4 31. exf4 Be4 32. Ke3 Bf5 33. R1g2
Kf6 34. Rg1 Re8 35. R1g2 a5 36. Rg1 c4 37. Kd2 Reg8 38. R1g2 Rb7 39. Rg1 b5 40.
h5 Rbg7 41. hxg6 h5 42. Rg5 Bxg6 43. Ke3 Be8 44. Rxg7 Rxg7 45. Rxg7 Kxg7 46.
Nf3 Kf6 47. Nh4 1/2-1/2

[Event "SG SchwÃ¤bisch GmÃ¼nd - TG Biberach"]
[Site "?"]
[Date "2022.04.24"]
[Round "5.6"]
[White "Hoenick, Andreas"]
[Black "Namyslo, Holger"]
[Result "1/2-1/2"]
[WhiteElo "2128"]
[BlackElo "2182"]
[PlyCount "77"]
[EventDate "2022.??.??"]

1. d4 d5 2. c4 c6 3. Nc3 Nf6 4. Nf3 e6 5. e3 Nbd7 6. Bd3 dxc4 7. Bxc4 b5 8. Bd3
a6 9. a4 b4 10. Ne4 Bb7 11. O-O Be7 12. Qe2 c5 13. Nxc5 Nxc5 14. dxc5 Bxc5 15.
e4 h6 16. Bf4 Qe7 17. Rac1 Nd7 18. Nd2 e5 19. Be3 O-O 20. Nb3 Bxe3 21. Qxe3
Rfc8 22. f3 Rxc1 23. Rxc1 Rc8 24. Rxc8+ Bxc8 25. Qc1 Qd8 26. a5 Nf8 27. Bc4 Be6
28. Qd2 Qc7 29. Bxe6 Nxe6 30. Qxb4 Nf4 31. Qd2 Qc4 32. g3 Qxb3 33. gxf4 Qxf3
34. fxe5 Qxe4 35. Qc3 Qe2 36. Qc8+ Kh7 37. Qf5+ Kg8 38. Qc8+ Kh7 39. Qf5+
1/2-1/2

[Event "SG SchwÃ¤bisch GmÃ¼nd - TG Biberach"]
[Site "?"]
[Date "2022.04.24"]
[Round "5.8"]
[White "Pohl, Walter"]
[Black "Mock, Markus"]
[Result "1/2-1/2"]
[WhiteElo "2093"]
[BlackElo "1956"]
[PlyCount "36"]
[EventDate "2022.??.??"]

1. e4 c5 2. Nf3 e6 3. d4 cxd4 4. Nxd4 a6 5. c4 Nf6 6. Nc3 Qc7 7. Be3 Bb4 8. f3
Bxc3+ 9. bxc3 d5 10. cxd5 exd5 11. Qb3 dxe4 12. Be2 O-O 13. O-O Nbd7 14. a4 Nc5
15. Qc4 Ne6 16. Qb3 Nc5 17. Qc4 Ne6 18. Qb3 Nc5 1/2-1/2